[Event "Main Vogelsberg op 2nd"]
[Site "Grossauheim"]
[Date "2007.06.10"]
[Round "6"]
[White "Ullrich, Helmut"]
[Black "Hofmann, Thomas"]
[Result "1/2-1/2"]
[WhiteElo "1584"]
[BlackElo "1603"]
[PlyCount "42"]
[EventDate "2007.06.07"]
[EventType "swiss"]
[EventRounds "7"]
[EventCountry "GER"]
[SourceTitle "EXT 2008"]
[Source "ChessBase"]
[SourceDate "2007.11.25"]
[SourceVersion "1"]
[SourceVersionDate "2007.11.25"]
[SourceQuality "1"]

1. d4 d5 2. Nf3 Nf6 3. e3 Bf5 4. c4 c6 5. b3 e6 6. Bb2 Bb4+ 7. Nbd2 Qa5 8. a3 Bxd2+ 9. Qxd2 Qxd2+ 10. Nxd2 0-0 11. f3 Nbd7 12. g4 Bg6 13. Kf2 h6 14. Rc1 Rfe8 15. h3 Rac8 16. f4 Ne4+ 17. Nxe4 Bxe4 18. Bg2 Nf6 19. Bf3 g6 20. Rhd1 Bxf3 21. Kxf3 Ne4 1/2-1/2

[Event "Main Vogelsberg op 2nd"]
[Site "Grossauheim"]
[Date "2007.06.09"]
[Round "5"]
[White "Jaehnert, Wolfgang"]
[Black "Ullrich, Helmut"]
[Result "1/2-1/2"]
[WhiteElo "1507"]
[BlackElo "1584"]
[PlyCount "110"]
[EventDate "2007.06.07"]
[EventType "swiss"]
[EventRounds "7"]
[EventCountry "GER"]
[SourceTitle "EXT 2008"]
[Source "ChessBase"]
[SourceDate "2007.11.25"]
[SourceVersion "1"]
[SourceVersionDate "2007.11.25"]
[SourceQuality "1"]

1. d4 d5 2. g3 g6 3. Nf3 Bg7 4. Bg2 Nf6 5. c3 c6 6. Bf4 0-0 7. 0-0 Nbd7 8. Be5 Nxe5 9. Nxe5 Nd7 10. Nxd7 Bxd7 11. Nd2 e5 12. dxe5 Bxe5 13. Nb3 f5 14. e3 Be6 15. Nc5 Bc8 16. Qc2 Bd6 17. Nb3 Be6 18. Rad1 Qe7 19. Nd4 Bf7 20. Nb3 Bc7 21. Rfe1 Rfd8 22. Bf1 b5 23. Nd4 Qf6 24. a4 a6 25. axb5 axb5 26. Ra1 Bb6 27. Qd2 Be8 28. Bg2 Qd6 29. b4 Rdc8 30. Red1 Kf7 31. Nxb5 Qd8 32. Nd4 Rxa1 33. Rxa1 Ra8 34. Rxa8 Qxa8 35. Ne2 Bc7 36. Qc1 Qa6 37. Bf1 Qb6 38. Nd4 c5 39. bxc5 Qxc5 40. c4 dxc4 41. Bxc4+ Kf6 42. Nb3 Qc6 43. Bf1 Qxc1 44. Nxc1 Bd6 45. Bd3 Ke5 46. Ne2 Bc5 47. h4 Bc6 48. f4+ Kf6 49. Kf2 h5 50. Bc4 Be4 51. Nc3 Ba8 52. Ke2 Bb4 53. Nb5 Be4 54. Bd3 Bc6 55. Nd4 Ba4 1/2-1/2

[Event "Main Vogelsberg op 2nd"]
[Site "Grossauheim"]
[Date "2007.06.09"]
[Round "4"]
[White "Ullrich, Helmut"]
[Black "Hoellwarth, Kai"]
[Result "1/2-1/2"]
[WhiteElo "1584"]
[BlackElo "1608"]
[PlyCount "33"]
[EventDate "2007.06.07"]
[EventType "swiss"]
[EventRounds "7"]
[EventCountry "GER"]
[SourceTitle "EXT 2008"]
[Source "ChessBase"]
[SourceDate "2007.11.25"]
[SourceVersion "1"]
[SourceVersionDate "2007.11.25"]
[SourceQuality "1"]

1. d4 Nf6 2. c4 Rg8 3. Nc3 g5 4. h3 d6 5. e4 Nbd7 6. Be2 e5 7. Nf3 exd4 8. Nxd4 Nc5 9. f3 Bd7 10. Be3 a6 11. Qd2 Nh5 12. Bf2 Nf4 13. Bf1 Bg7 14. g4 Qe7 15. Nd5 Nxd5 16. cxd5 Be5 17. Be3 1/2-1/2

[Event "Main Vogelsberg op 2nd"]
[Site "Grossauheim"]
[Date "2007.06.07"]
[Round "2"]
[White "Ullrich, Helmut"]
[Black "Hahn, Florian"]
[Result "0-1"]
[WhiteElo "1584"]
[BlackElo "1354"]
[PlyCount "41"]
[EventDate "2007.06.07"]
[EventType "swiss"]
[EventRounds "7"]
[EventCountry "GER"]
[SourceTitle "EXT 2008"]
[Source "ChessBase"]
[SourceDate "2007.11.25"]
[SourceVersion "1"]
[SourceVersionDate "2007.11.25"]
[SourceQuality "1"]

1. e4 c5 2. Nf3 d6 3. d4 cxd4 4. Nxd4 Nf6 5. Nc3 a6 6. a4 e5 7. Nf3 Be6 8. h3 Be7 9. Be2 0-0 10. 0-0 Nbd7 11. Be3 Rc8 12. Qd2 Nb6 13. Ne1 Nc4 14. Bxc4 Bxc4 15. Nd3 d5 16. Bg5 dxe4 17. Bxf6 Bxf6 18. Nxe4 Be7 19. Rad1 Qd4 20. Qc3 Qxe4 21. Qxe5 0-1

[Event "Rhein Main op 09th"]
[Site "Bad Homburg"]
[Date "2006.06.15"]
[Round "2.34"]
[White "Plattner, Rolf"]
[Black "Ullrich, Helmut"]
[Result "1/2-1/2"]
[WhiteElo "1528"]
[BlackElo "1908"]
[PlyCount "50"]
[EventDate "2006.06.14"]
[EventType "swiss"]
[EventRounds "7"]
[EventCountry "GER"]
[SourceTitle "EXT 2007"]
[Source "ChessBase"]
[SourceDate "2006.11.23"]
[SourceVersion "1"]
[SourceVersionDate "2006.11.23"]
[SourceQuality "1"]

1. e4 e5 2. Nf3 Nc6 3. Bb5 a6 4. Ba4 Nf6 5. Bxc6 dxc6 6. d3 Bd6 7. h3 Bd7 8. Bg5 h6 9. Bh4 Qe7 10. Nc3 g5 11. Bg3 c5 12. Nd5 Nxd5 13. exd5 0-0-0 14. Qe2 f6 15. 0-0-0 Qf7 16. c4 c6 17. dxc6 Bxc6 18. Rhg1 Rhe8 19. Nd2 Bf8 20. f3 Rd7 21. Bf2 Red8 22. Nb3 b6 23. Rd2 Qg6 24. Rgd1 h5 25. Kc2 Ba4 1/2-1/2

[Event "Karl Mala Memorial op 09th"]
[Site "Frankfurt"]
[Date "2005.07.29"]
[Round "3"]
[White "Peter, Falco"]
[Black "Ullrich, Helmut"]
[Result "1/2-1/2"]
[WhiteElo "1444"]
[BlackElo "1713"]
[PlyCount "69"]
[EventDate "2005.07.28"]
[EventType "swiss"]
[EventRounds "7"]
[EventCountry "GER"]
[SourceTitle "EXT 2006"]
[Source "ChessBase"]
[SourceDate "2005.11.24"]
[SourceVersion "1"]
[SourceVersionDate "2005.11.24"]
[SourceQuality "1"]

1. b4 d5 2. e3 e6 3. Bb2 Nf6 4. b5 a6 5. a4 axb5 6. axb5 Rxa1 7. Bxa1 c6 8. c4 Be7 9. Nf3 Nbd7 10. Ne5 Nxe5 11. Bxe5 Bd7 12. Qb3 0-0 13. Be2 Ne8 14. b6 f6 15. Bg3 Bc8 16. 0-0 Bd6 17. d4 dxc4 18. Bxc4 Qe7 19. Nd2 Bxg3 20. fxg3 Kh8 21. Ra1 Nd6 22. Qb4 Nf5 23. Qxe7 Nxe7 24. e4 Bd7 25. Nb3 Nc8 26. Nc5 Nxb6 27. Nxd7 Nxd7 28. Bxe6 Nb8 29. Ra8 g6 30. g4 Re8 31. Kf2 Kg7 32. d5 Kf8 33. Ra7 Re7 34. Ra8 Re8 35. Ra7 1/2-1/2

[Event "Rhein Main op 08th"]
[Site "Bad Homburg"]
[Date "2005.05.30"]
[Round "7"]
[White "Ullrich, Helmut"]
[Black "Ahrends, Norbert"]
[Result "0-1"]
[WhiteElo "1719"]
[BlackElo "2049"]
[PlyCount "59"]
[EventDate "2005.05.25"]
[EventType "swiss"]
[EventRounds "7"]
[EventCountry "GER"]
[SourceTitle "EXT 2006"]
[Source "ChessBase"]
[SourceDate "2005.11.24"]
[SourceVersion "1"]
[SourceVersionDate "2005.11.24"]
[SourceQuality "1"]

1. e4 c5 2. Nf3 Nc6 3. d4 cxd4 4. Nxd4 Nf6 5. f3 e5 6. Nb3 d5 7. exd5 Qxd5 8. Qxd5 Nxd5 9. a3 Be7 10. c4 Nf4 11. g3 Ne6 12. Be3 Ned4 13. Nxd4 exd4 14. Bf2 Bf5 15. Nd2 Rd8 16. 0-0-0 0-0 17. f4 a5 18. Bg2 a4 19. Be4 Bxe4 20. Nxe4 Na5 21. Nd2 Bf6 22. Kb1 Rc8 23. Rc1 Rc6 24. Rhe1 g6 25. Ne4 Bg7 26. c5 Nb3 27. Rcd1 Rd8 28. Nc3 Nxc5 29. Re7 Bf6 30. Re2 0-1

[Event "Rhein Main op 08th"]
[Site "Bad Homburg"]
[Date "2005.05.26"]
[Round "3"]
[White "Ullrich, Helmut"]
[Black "Rubel, Julian"]
[Result "1/2-1/2"]
[WhiteElo "1719"]
[BlackElo "2065"]
[PlyCount "106"]
[EventDate "2005.05.25"]
[EventType "swiss"]
[EventRounds "7"]
[EventCountry "GER"]
[SourceTitle "EXT 2006"]
[Source "ChessBase"]
[SourceDate "2005.11.24"]
[SourceVersion "1"]
[SourceVersionDate "2005.11.24"]
[SourceQuality "1"]

1. e4 c5 2. Nf3 e6 3. d4 cxd4 4. Nxd4 a6 5. c4 Nf6 6. Bd3 Qc7 7. Be3 d6 8. Nc3 Nbd7 9. Nf3 Be7 10. h3 b6 11. 0-0 Bb7 12. Nd2 Ne5 13. Be2 0-0 14. f4 Ned7 15. Rc1 Rac8 16. Bf3 Rfe8 17. Qe2 Bf8 18. Qf2 Qb8 19. b3 Ba8 20. Rfd1 Nc5 21. Qf1 Bb7 22. b4 Ncd7 23. a3 g6 24. Qf2 Ba8 25. g4 Red8 26. g5 Ne8 27. Na4 b5 28. cxb5 axb5 29. Nb6 Nxb6 30. Bxb6 Rd7 31. Nb3 Qb7 32. Rxc8 Qxc8 33. Rc1 Qa6 34. Ba5 Bb7 35. Qe3 Bg7 36. Rc2 Qa8 37. Kf2 Bf8 38. Nd4 Ba6 39. Nc6 Bg7 40. e5 Bb7 41. Qb6 dxe5 42. fxe5 Kh8 43. Qxb5 Nc7 44. Qc5 Nd5 45. b5 Bf8 46. Qd4 Bxa3 47. Bd2 Qf8 48. Qc4 Nb6 49. Qc3 Na4 50. Qc4 Nb2 51. Qc3 Rd3 52. Qa5 Rd7 53. Qc3 Bc5+ 1/2-1/2

[Event "Rhein Main op 08th"]
[Site "Bad Homburg"]
[Date "2005.05.25"]
[Round "1"]
[White "Ullrich, Helmut"]
[Black "Krahe, Frank"]
[Result "0-1"]
[WhiteElo "1719"]
[BlackElo "2204"]
[PlyCount "46"]
[EventDate "2005.05.25"]
[EventType "swiss"]
[EventRounds "7"]
[EventCountry "GER"]
[SourceTitle "EXT 2006"]
[Source "ChessBase"]
[SourceDate "2005.11.24"]
[SourceVersion "1"]
[SourceVersionDate "2005.11.24"]
[SourceQuality "1"]

1. e4 e5 2. Nf3 Nc6 3. d4 exd4 4. Nxd4 Nf6 5. Nxc6 bxc6 6. Bd3 d5 7. Nd2 Bc5 8. 0-0 0-0 9. Kh1 Ng4 10. f3 Nxh2 11. Qe1 Nxf1 12. Nxf1 Rb8 13. Qg3 f5 14. Bg5 Qe8 15. Re1 Qh5+ 16. Qh4 Qxh4+ 17. Bxh4 fxe4 18. fxe4 Rxb2 19. e5 Be6 20. Nh2 Bb4 21. Rd1 Bc3 22. Bg3 Rxa2 23. Nf3 h6 0-1